00436nam a2200157 a 450000500170000000800410001702000180005805000290007610000180010524500410012326000370016430000330020152100090023465000100024365000250025320140310183451.0090107s19uu xx 00 eng d a9780070137875 aHF 5549.5.M63b.K26 2007 aKehoe, Daniel aMotivating employees /cDaniel Kehoe aAustralia :bMcGraw-Hill,c2007. a51 p. :bcol. ill. ;c22 cm. aBSBA aBSBA. aEmployee motivation.